| 000 | 01399cam a22003617a 4500 | ||
|---|---|---|---|
| 003 | CHAP | ||
| 005 | 20220329142157.0 | ||
| 008 | 000131d mx a r 00110 spa d | ||
| 010 | _a79618 | ||
| 011 | _a80590 | ||
| 035 | _a91041 | ||
| 040 | _cCHAP | ||
| 090 | _aTesis | ||
| 100 | 0 | 0 |
_aReyes Fuentes, Doroteo. _996830 |
| 245 | 1 | 0 |
_aTasa relativa de crecimiento en la etapa vegetativa de 5 cultivares de nochebuena (Euphorbia pulcherrima Will.) y estudio de factores que influyen sobre la floración _c/ por Doroteo Reyes Fuentes y Lucila Salas Orozco |
| 260 |
_aChapingo, Méx. : _bEl autor, _c1999. |
||
| 300 |
_a92 h. : _bilus. |
||
| 502 | _aTesis (Ing. Agr. Esp. en Fitotecnia) -- UACH. Departamento de Fitotecnia | ||
| 590 |
_aALEPH _b10 _c20130110 _lUCH01 _h1432 |
||
| 590 |
_aBATCH-UPD _b10 _c20130110 _lUCH01 _h0408 |
||
| 590 |
_aBATCH-UPD _b10 _c20130410 _lUCH01 _h0042 |
||
| 590 |
_aBATCH-UPD _b10 _c20130914 _lUCH01 _h1416 |
||
| 590 |
_aCONVERSION _b10 _c20130109 _lUCH01 _h1344 |
||
| 650 | 1 | 4 |
_aFlor de nochebuena _xCrecimiento. _941307 |
| 650 | 1 | 4 |
_aFlor de nochebuena _xFloración. _941309 |
| 700 | 0 |
_aSalas Orozco, Lucila. _9101318 |
|
| 901 | _aBK | ||
| 905 | _aPatricia Mendoza P. | ||
| 942 | _cFOLL | ||
| 949 |
_bBC _cTES _d33724000753539 _eTS2 _fc.3 _h35106 _i91041 _si |
||
| 949 |
_bBC _cTES _d33724000753547 _eTS2 _fc.2 _h35105 _i91041 _si |
||
| 949 |
_bBC _cTES _d910411 _eTS1 _h35104 _i91041 _sb |
||
| 999 |
_c79618 _d79618 |
||